Представление документа в формате RUSMARC

ПолеНазваниеЗначение
  Тип записи a
  Библиографический уровень a
001 Контрольный номер RU/CBS_Ul/BASE/503686840
005 Дата корректировки 20250124034031.1
100 Данные общей обработки __
a Данные общей обработки 20151217d2015 ||| 0rusy0189 ca
101 Язык документа 0_
a Язык текста rus
102 Страна публикации __
a Страна публикации RU
105 Кодированные данные (монография) __
a Кодированные данные (монография) y###||||000|y
181 Поле кодированных данных: вид содержания _1
a Код вида содержания (ISBD) i#
b Код характеристики содержания (ISBD) #xxe##
d i
g x
h x
i e
2 Код системы (источник кода, отличный от ISBD) isbdcontent
182 Поле кодированных данных: тип средства _1
a Код типа средства (ISBD) n
2 Код системы (источник кода, отличный от ISBD) isbdmedia
200 Заглавие и сведения об ответственности 1_
a Заглавие В Ульяновской области состоялся фестиваль национальных культур "Новогодняя радуга"
b Общее обозначение материала Текст
w Текст (визуальный) : непосредственный
203 Вид содержания и тип средства __
a Вид содержания Текст
b Характеристика содержания визуальный
c Тип средства непосредственный
300 Общие примечания __
a Общие примечания Ограничения по возрасту - 12+
461 Уровень набора _0
1 2000
a Ялгат
463 Уровень физической единицы _0
1 001RU/CBS_Ul/BASE/503427759
1 2000
a № 1
v С. 2
1 210
d 2015
606 Тематические рубрики 0_
a Основная рубрика Праздник - Национальная культура
y Географическая подрубрика Ульяновская область
610 Ключевые слова 0_
a Ключевые слова форумы
a Ключевые слова фестивали
a Ключевые слова праздники
a Ключевые слова семинары
a Ключевые слова традиционные праздники
a Ключевые слова межнациональные отношения
686 Индексы других классификаций __
a Классификационный индекс 63.5
2 Код системы ББК
801 Источник записи _0
a Страна RU
b Организация МБУК ЦБС г. Ульяновска
c Дата составления 20151217
g Правила каталогизации RCR
801 Источник записи _1
a Страна RU
b Организация МБУК ЦБС г. Ульяновска
c Дата составления 20151217
g Правила каталогизации RCR
901 Тип документа __
t Тип документа f
w Контрольный № источника RU/CBS_Ul/BASE/503427759
910 Корректоры записи __
a Корректор записи admin2
938 Служебная информация __
a Имя БД period